Ha az illeték a vevővel szemben elévült, az eladóval szemben az illeték átszámítási időpontja, a vevővel szemben beállott elévülés idejét követő felhívás kézbesítése idejének alapulvételével állapítandó meg.

Elmentve itt :
Bibliográfiai részletek
Dokumentumtípus: Cikk
Megjelent: 1927
Sorozat:Polgári jog : a hazai és külföldi magánjog és hiteljog szemléje 3
Kulcsszavak:Polgári jog magyar, Illeték adásvétel
Online Access:http://misc.bibl.u-szeged.hu/4666
LEADER 00778nab a2200157 i 4500
001 misc4666
005 20191106142927.0
008 170607s1927 hu o 0|| hun d
040 |a SZTE Miscellanea Repozitórium  |b hun 
041 |a hun 
245 0 0 |a Ha az illeték a vevővel szemben elévült, az eladóval szemben az illeték átszámítási időpontja, a vevővel szemben beállott elévülés idejét követő felhívás kézbesítése idejének alapulvételével állapítandó meg.  |h [elektronikus dokumentum] 
260 |c 1927 
300 |a 24-26d 
490 0 |a Polgári jog : a hazai és külföldi magánjog és hiteljog szemléje  |v 3 
695 |a Polgári jog magyar, Illeték adásvétel 
856 4 0 |u http://misc.bibl.u-szeged.hu/4666/1/polgari_jog_1927_024-026d.pdf  |z Dokumentum-elérés